000 00639nam a2200229 i 4500
001 bg
100 1 _aPRZYBYLSKI, Wojciech
245 1 0 _aPiłka nożna :
_btechnika i taktyka /
_cWojciech Przybylski, Andrzej Szwarc. Cz.1.
260 _aGdańsk :
_bWydaw. Uczelniane AWF,
_c1996.
300 _a100 s. :
_brys. ;
_c24 cm.
504 _aBibliogr. s. 100.
650 9 _aPiłka nożna
655 _aPodręczniki akademickie
700 1 _aSZWARC, Andrzej
020 _a8385968075
040 _cBPK
041 0 _apl
080 _a796.322(075.8)
920 _a83-85968-07-5
942 _cKS
008 s pl f |000 0 pol
999 _c24554
_d24554
856 _uhttp://koha.tu.koszalin.pl/cgi-bin/koha/opac-detail.pl?biblionumber=24554
_yKatalog online BPK